00469nam a2200181 a 4500001001300000003000900013005001700022008004100039020002200080082001300102100001600115245004500131260003800176300000800214500003500222650001400257700001600271nice12345678IN_TiNIC20260116014755.0090727s2005 newa grp 000 0 eng  a8189524097 c2000a301bALO aAloysius, G aInterpreting Kerala`s Social Development aNew Delhi bCritical Quest c2005 a32p aincludes index and biblioraphy aSociology1 aAloysius, G